|
|
|
|
| LEADER |
00000nam0a2200000 4500 |
| 001 |
49235 |
| 005 |
20231101211207.0 |
| 035 |
|
|
|a (RuTPU)RU\TPU\book\51556
|
| 090 |
|
|
|a 49235
|
| 100 |
|
|
|a 20030327d1979 m y0rusy50 ca
|
| 101 |
0 |
|
|a rus
|
| 102 |
|
|
|a RU
|
| 105 |
|
|
|a a j 001zy
|
| 200 |
1 |
|
|a Физическая оптика
|e учебник для техникумов
|f М. И. Апенко, Н. П. Гвоздева
|
| 210 |
|
|
|a Москва
|c Машиностроение
|d 1979
|
| 215 |
|
|
|a 216 с.
|c ил.
|
| 320 |
|
|
|a Библиогр.: с. 213.
|
| 606 |
|
|
|a Оптика физическая
|2 stltpush
|3 (RuTPU)RU\TPU\subj\47158
|9 66218
|
| 610 |
1 |
|
|a световые волны
|
| 610 |
1 |
|
|a дисперсия
|
| 610 |
1 |
|
|a электромагнитные волны
|
| 610 |
1 |
|
|a спектроскопия
|
| 610 |
1 |
|
|a фотометрия
|
| 610 |
1 |
|
|a источники света
|
| 610 |
1 |
|
|a учебники
|
| 675 |
|
|
|a 535(075.8)
|v 3
|
| 700 |
|
1 |
|a Апенко
|b М. И.
|g Михаил Иванович
|
| 701 |
|
1 |
|a Гвоздева
|b Н. П.
|g Нина Петровна
|
| 801 |
|
1 |
|a RU
|b 63413507
|c 20030327
|g PSBO
|
| 801 |
|
2 |
|a RU
|b 63413507
|c 20171219
|g PSBO
|
| 900 |
|
|
|a Прикладная оптика
|
| 900 |
|
|
|a Основы оптики
|
| 942 |
|
|
|c BK
|
| 952 |
|
|
|b 190700
|